LEADER 01090nam0 22002651i 450 001 RML0234981 005 20231121125701.0 100 $a20121121d1992 ||||0itac50 ba 101 | $aita 102 $ait 181 1$6z01$ai $bxxxe 182 1$6z01$an 200 1 $a˜La œgestione degli enti locali$eComuni, Provincie e Comunità montane. Limiti obblighi e responsabilità degli amministratori e dei dipendenti$fFrancesco Garri 205 $a2a edizione aggiornata e ampliata con la legge 8 giugno 1990$bn. 142 210 $aRimini $cMaggioli $d1992 215 $a418 p.$d24 cm. 700 1$aGARRI$b, Francesco$3RMLV149711$014509 801 3$aIT$bIT-01$c20121121 850 $aIT-FR0098 899 $aBiblioteca Area Giuridico Economica$bFR0098 912 $aRML0234981 950 0$aBiblioteca Area Giuridico Economica$d 53IMP 352/7 BIS$e 53VM 0000034235 VM barcode:ECO004116. - Inventario:2435. - Fondo:Sala consultazioneVM$fA $h19950602$i20121204 977 $a 53 996 $aGestione degli enti locali$9617942 997 $aUNICAS